000 00384nam a2200157Ia 4500
008 230718s9999 xx 000 0 und d
041 _aeng
082 _a294.556
_bHES
100 _aHesse H.
_9117837
245 _aSiddhartha
260 _c2001
_bHarper Collings
300 _a122
365 _cRs.
_b295.00
700 _aHesse H.
_9117837
906 _dB:173109-Nov-2001
_cOTH
_b44.25
999 _c302207
_d302207